| 000 | 00381nam a22001217a 4500 | ||
|---|---|---|---|
| 082 | _aTHE 200 | ||
| 100 |
_aWAQAS JAVED, _948302 |
||
| 245 | _aTH-SOF-0732-DEVELOPMENT OF RISK ASSESSMENT AND MANAGEMENT MODEL FOR CONSTRUCTION OF DAMS | ||
| 260 |
_aNUST COLLEGE OF EME _bISLAMABAD _c2001 |
||
| 650 |
_a MS-EM-5 MSTHESIS _972537 |
||
| 700 |
_aDR SYED ATHAR MASOOD _929301 |
||
| 942 | _cCF | ||
| 999 |
_c578751 _d578751 |
||